| 000 | 00000nam 2200000zi 4500 |
| 001 | 9.912999 |
| 003 | CaOODSP |
| 005 | 20240215162530 |
| 006 | m o d f |
| 007 | cr cn||||||||| |
| 008 | 220704t20222022qucdab ob f000 0 eng d |
| 020 | |a9780660443829 |
| 040 | |aCaOODSP|beng|erda|cCaOODSP |
| 043 | |an-cn-on |
| 086 | 1 |aEn164-52/2022E-PDF |
| 245 | 00|aLake Superior lakewide action and management plan, 2020-2024. |
| 246 | 17|aLake Superior LAMP (2020 - 2024) |
| 264 | 1|aGatineau QC : |bEnvironment and Climate Change Canada = Environnement et Changement climatique Canada, |c2022. |
| 264 | 4|c©2022 |
| 300 | |a1 online resource (xix, 114 pages) : |bcharts, illustrations, maps |
| 336 | |atext|btxt|2rdacontent |
| 337 | |acomputer|bc|2rdamedia |
| 338 | |aonline resource|bcr|2rdacarrier |
| 500 | |aIssued also in French under title: Lac Supérieur - plan d'action et d'aménagement panlacustre, 2020-2024. |
| 504 | |aIncludes bibliographical references (pages 95-105). |
| 650 | 0|aEcosystem management|zSuperior, Lake. |
| 650 | 0|aWater quality management|zSuperior, Lake. |
| 651 | 0|aSuperior, Lake. |
| 710 | 1 |aCanada. |bEnvironment and Climate Change Canada, |eissuing body. |
| 710 | 1 |aUnited States. |bEnvironmental Protection Agency, |eissuing body. |
| 775 | 08|tLac Supérieur - plan d'action et d'aménagement panlacustre, 2020-2024.|w(CaOODSP)9.913000 |
| 795 | |tLake Superior Lakewide Action and Management Plan 2015-2019 |w(CaOODSP)9.824196 |
| 856 | 40|qPDF|s6.38 MB|uhttps://publications.gc.ca/collections/collection_2024/eccc/En164-52-2022-eng.pdf |
| 986 | |aEPA 905-R-22-002 |